00313 2200121 4500001002100000005001500021035002400036090001400060245003600074260004200110300002000152990001900172YOGYA00000000005526720140823062904 0010-081400000054985 a813 Cab B aTHE PRINCESS DIARIEScMeg Caboi aJakartabGramedia Pustaka Utamac2002 a312 HLM,b20 CM a3885-BPAD/P.02